|
|
|
แสดงรายละเอียดบรรณานุกรม |
|
|
Brief Record
: Get Marc (ISO 2709)
: E-mail record
: |
|
|
| LEADER 00000nam 2200000uu 4500 | |||
| 001 13399128784 | |||
| 003 BCNR | |||
| 008 191202s2567 th a 000 0 tha d | |||
| 020 ^a9786164972230 | |||
| 041 ^atha | |||
| 060 04 ^aWB141^bป445ค ล.1 2567 | |||
| 100 0 ^aปราณี ทู้ไพเราะ | |||
| 245 10 ^aคู่มือการตรวจวินิจฉัยโรค^nเล่ม 1 =^bHandbook of medical diagnosis /^cปราณี ทู้ไพเราะ | |||
| 246 31 ^aHandbook of medical diagnosis | |||
| 250 ^aพิมพ์ครั้งที่ 3 (ฉบับปรับปรุงครั้งที่ 1) | |||
| 260 ^aกรุงเทพฯ :^bN P Press,^c2567 | |||
| 300 ^a438 หน้า :^bภาพประกอบ, ตาราง ;^c21 ซม. | |||
| 504 ^aมีบรรณานุกรมและดัชนี | |||
| 505 0 ^aบทที่ 1 บทนำ -- บทที่ 2 การตรวจวินิจฉัยความผิดปกติ -- บทที่ 3 การซักประวัติการเจ็บป่วย -- บทที่ 4 การตรวจร่างกาย -- บทที่ 5 การตรวจร่างกายตามระบบ -- บทที่ 6 การตรวจร่างกายแบบผสมผสาน -- บทที่ 7 ขั้นตอนการตรวจร่างกายแบบผสมผสาน -- บทที่ 8 แบบประเมินผลการตรวจร่างกายตามระบบ -- บทที่ 9 หัวข้อการตรวจร่างกาย | |||
| 650 4 ^aการตรวจคัดโรค | |||
| 650 4 ^aการตรวจร่างกาย | |||
| 650 4 ^aการวินิจฉัยโรค | |||
| 999 ^aบรรณารักษ์ | |||
| คุณยังไม่ได้ล็อกอิน คุณสามารถมีกิจกรรมร่วมกับเว็บไซต์ได้ แต่ต้องล็อกอินก่อน :: |
|
| สถานะ | |||||||||
| 1. | หนังสือ | WB141 ป445ค ล.1 2567 c.1 Barcode: 087729 | ►หนังสือทั่วไป | On Shelf *เพิ่งรับคืน | |||||
| 2. | หนังสือ | WB141 ป445ค ล.1 2567 c.2 Barcode: 087730 | ►หนังสือทั่วไป | On Shelf *เพิ่งรับคืน | |||||
| 3. | หนังสือ | WB141 ป445ค ล.1 2567 c.3 Barcode: 087731 | ►หนังสือทั่วไป | On Shelf *เพิ่งรับคืน | |||||
| 4. | หนังสือ | WB141 ป445ค ล.1 2567 c.4 Barcode: 087732 | ►หนังสือทั่วไป | On Shelf *เพิ่งรับคืน | |||||
| 5. | หนังสือ | WB141 ป445ค ล.1 2567 c.5 Barcode: 087733 | ►หนังสือทั่วไป | On Shelf *เพิ่งรับคืน | |||||
| 6. | หนังสือ | WB141 ป445ค ล.1 2567 c.6 Barcode: 087734 | ►หนังสือทั่วไป | On Shelf *เพิ่งรับคืน | |||||
| 7. | หนังสือ | WB141 ป445ค ล.1 2567 c.7 Barcode: 087735 | ►หนังสือทั่วไป | On Shelf *เพิ่งรับคืน | |||||
| 8. | หนังสือ | WB141 ป445ค ล.1 2567 c.8 Barcode: 087736 | ►หนังสือทั่วไป | On Shelf *เพิ่งรับคืน | |||||
| 9. | หนังสือ | WB141 ป445ค ล.1 2567 c.9 Barcode: 087737 | ►หนังสือทั่วไป | On Shelf *เพิ่งรับคืน | |||||
| 10. | หนังสือ | WB141 ป445ค ล.1 2567 c.10 Barcode: 087738 | ►หนังสือทั่วไป | On Shelf *เพิ่งรับคืน | |||||
| [แสดง 10/10 รายการ] | |||||||||
BibComment |
| คอมเมนท์ทรัพยากรรายการนี้ |
|
|